<?xml version="1.0" encoding="UTF-8"?>
<collection xmlns="http://www.loc.gov/MARC21/slim">
 <record>
  <leader>00527pamaa2200169   4500</leader>
  <controlfield tag="001">0000020967</controlfield>
  <controlfield tag="005">20091217090000.0</controlfield>
  <datafield tag="020" ind1="0" ind2="0">
   <subfield code="a">0571151426 </subfield>
  </datafield>
  <datafield tag="082" ind1=" " ind2=" ">
   <subfield code="a">782.12 AUD</subfield>
  </datafield>
  <datafield tag="090" ind1="0" ind2="0">
   <subfield code="a">ML50 </subfield>
   <subfield code="b">AUD 1988</subfield>
  </datafield>
  <datafield tag="100" ind1="1" ind2="0">
   <subfield code="a">Auden </subfield>
  </datafield>
  <datafield tag="245" ind1="1" ind2="0">
   <subfield code="a">Paul Bunyan : </subfield>
   <subfield code="b">the libretto of the operetta by Benjamin Britten  </subfield>
   <subfield code="c">W.H. Auden ; with an essay by Donald Mitchell.</subfield>
  </datafield>
  <datafield tag="260" ind1="0" ind2="0">
   <subfield code="a">London: </subfield>
   <subfield code="b">Faber and Faber, </subfield>
   <subfield code="c">1988.</subfield>
  </datafield>
  <datafield tag="300" ind1=" " ind2=" ">
   <subfield code="a">viii, 150p.: </subfield>
   <subfield code="b">ill.; </subfield>
   <subfield code="c">20cm.</subfield>
  </datafield>
  <datafield tag="650" ind1="0" ind2="0">
   <subfield code="a">Operas -- </subfield>
   <subfield code="x">Librettos </subfield>
  </datafield>
  <datafield tag="700" ind1="1" ind2="1">
   <subfield code="a">BRITTEN, </subfield>
   <subfield code="h">Benjamin </subfield>
  </datafield>
  <datafield tag="700" ind1="1" ind2="1">
   <subfield code="a">Mitchell, </subfield>
   <subfield code="h">Donald </subfield>
  </datafield>
 </record>
</collection>
